| 000 | 01083nam a2200289 c 4500 | ||
|---|---|---|---|
| 003 | BLK | ||
| 005 | 20230412162749.0 | ||
| 008 | 180409b bul|||||r ||||||| ||bul|| | ||
| 010 | _aKNG00148590000 | ||
| 040 | _aBLK | ||
| 041 |
_aBUL _cBUL |
||
| 080 |
_aБългарска литература _b821.163.2 _x-93-34 _z821.163.2-93-34 |
||
| 100 | 1 |
_aСтъпов, Петър Иванов _9379327 |
|
| 700 | 1 |
_aГрозев, Асен _eхудож. _9377139 |
|
| 139 |
_aСтъпов, Петър Иванов _bС 88 |
||
| 245 | 1 | 0 |
_aПътешествието на Ани _bПриказка _cПетър Иванов Стъпов; худож. Асен Грозев. |
| 257 | _aBGR | ||
| 260 |
_аСофия _bБълг. художник _c1965 |
||
| 300 |
_a16 с. _bс ил. _c31 см |
||
| 380 | _aDX | ||
| 500 | _a45 100 тир. | ||
| 852 | _aЦб ІІ 18763 | ||
| 856 | 4 |
_qpdf _u |
|
| 856 | 4 |
_qpdf _u |
|
| 942 |
_cKNG _n0 |
||
| 944 |
_aCR _c06.08.2013 _l06.08.2013 - от С1,Р / 06.08.2013 _kАйшегюл_Сабриева |
||
| 944 |
_aED _c06.08.2013 _l06.08.2013 - от С1,Р / 06.08.2013 _k |
||
| 999 |
_c142497 _d142497 |
||